| 000 | 00950nam a2200229Ia 4500 | ||
|---|---|---|---|
| 999 |
_c34729 _d34729 |
||
| 001 | 516 | ||
| 003 | GE_BSU | ||
| 005 | 20200203163042.0 | ||
| 008 | 181216s2003||||ge |||||||||||||| ||geo|| | ||
| 020 | _a9992877006 | ||
| 040 | _cGE_BSU | ||
| 041 | _ageo | ||
| 080 | _a338.22 ჭ-42 | ||
| 100 |
_aჭიაბრიშვილი, თ. _96724 |
||
| 245 |
_aპატიოსანი ბიზნესისაკენ / _cთენგიზ ჭიაბრიშვილი ; რედ. წიბახაშვილი გ., თ. დემეტრაშვილი. |
||
| 264 |
_aთბილისი : _bთბილისის სახ. უნივერსიტეტი, _c2003. |
||
| 300 |
_a301 გვ. ; _b16 სმ. |
||
| 653 | _aბიზნესი | ||
| 700 |
_a წიბახაშვილი, გ. _96725 |
||
| 700 |
_aდემეტრაშვილი, თ. _eრედაქტორი _96726 |
||
| 942 |
_cBK _2udc |
||